Baby birthday parties. (Record no. 114309)
[ view plain ]
| 000 -LEADER | |
|---|---|
| fixed length control field | 00311nam a2200133 a 4500 |
| 005 - DATE AND TIME OF LATEST TRANSACTION | |
| control field | 20140414132056.0 |
| 008 - FIXED-LENGTH DATA ELEMENTS--GENERAL INFORMATION | |
| fixed length control field | 100520s19uu xx 00 eng d |
| 050 ## - LIBRARY OF CONGRESS CALL NUMBER | |
| Classification number | M 793.2 |
| Item number | W24 1999 |
| 100 ## - MAIN ENTRY--PERSONAL NAME | |
| Personal name | Warner, Penny |
| 245 ## - TITLE STATEMENT | |
| Title | Baby birthday parties. |
| 650 ## - SUBJECT ADDED ENTRY--TOPICAL TERM | |
| Topical term or geographic name as entry element | Birthday |
| Withdrawn status | Lost status | Damaged status | Home library | Current library | Shelving location | Date acquired | Source of acquisition | Total Checkouts | Full call number | Barcode | Date last seen | Price effective from | Koha item type |
|---|---|---|---|---|---|---|---|---|---|---|---|---|---|
| Munich Library | Munich Library | Main Section | 05/20/2010 | M 793.2 W24 1999 | M6114 | 04/14/2014 | 04/14/2014 | Books | |||||
| Munich Library | Munich Library | Main Section | 08/13/2010 | M 793.2 W24 1999 | M0683 | 04/14/2014 | 04/14/2014 | Books |